000 00756nam a2200229Ia 4500
005 20250508170220.0
008 008 250505s9999 xx 000 0 eng d
020 _a978-0-7619-4981-7
037 _aTextual
040 _aFEDL
_beng
_cFEDL
041 _aeng
_2eng
084 _a371.9, LOU
_qFEDL
100 _aLougy Richard A
_9469992
245 0 _aTeaching young children with ADHD: Successful strategies and practical interventions
260 _aNew Delhi, India
_bSage Publications India Pvt Ltd
_c2007
300 _axvii,188p.
365 _aINR
_b295
546 _aAcc. No. 93841 is gifted by Prof. Salaja Chennat
700 _a DeRuvo Silvia L Rosenthal David
_9783484
942 _cTEXL
_h371.9, LOU
999 _c1399840
_d1399840